000 00415nam a2200181Ia 4500
001 9982
005 20260306161758.0
008 260306t1986||||xx |||||||||||||| ||spa||
041 _aESP
082 _a869.56
_bM19
100 _aMálaga Medina, Alejandro
_eAUT
245 0 _aArequipa, estudios históricos III
260 _c1986
300 _a
_c
650 _aGEN
654 _aCHU
942 _cLIB
_dJUS
_fJUS
_2ddc
_n
999 _c9982
_d9982